La historieta participativa : supertiñosa ayuda a los agachados. ¿Qué pensará Mafalda?. Historiar la historieta. ¿Un proyecto académico y/o político /
Guardado en:
| Hovedforfatter: | |
|---|---|
| Format: | Ukendt |
| Sprog: | Spanish |
| Udgivet: |
Quito, Ecuador :
CIESPAL,
1990?.
|
| Serier: | (Serie Cuadernos de Chasqui ;
13) |
| Fag: | |
| Tags: |
Tilføj Tag
Ingen Tags, Vær først til at tagge denne postø!
|
MARC
| LEADER | 000000000a22000000004500 | ||
|---|---|---|---|
| 001 | 002529 | ||
| 041 | 0 | |a spa | |
| 082 | 0 | 4 | |a 302.22 |b P438h |
| 100 | 1 | |a Pérez Iglesias, María de los Ángeles | |
| 245 | 1 | 3 | |a La historieta participativa : |b supertiñosa ayuda a los agachados. ¿Qué pensará Mafalda?. Historiar la historieta. ¿Un proyecto académico y/o político / |c María de los Ángeles Pérez Iglesias. |
| 260 | 1 | |a Quito, Ecuador : |b CIESPAL, |c 1990?. | |
| 300 | |a 94 páginas | ||
| 490 | 1 | |a (Serie Cuadernos de Chasqui ; |v 13) | |
| 500 | |a La revista Chasqui, publica la serie: Cuadernos de Chasqui para ofrecer artículos que por su extensión no pudieron ser incluidos en la Revista | ||
| 650 | 4 | |a SEMIOLOGIA (LINGUISTICA) | |
| 650 | 4 | |a COMUNICACION | |
| 650 | 4 | |a TIRAS COMICAS | |
| 650 | 4 | |a ASPECTOS SOCIALES | |
| 999 | |c 8923 |d 8923 | ||
| 942 | |c BK |h 302.22 P438h |2 z | ||
